University Home | Library Home | Institutional Repository

LANGUAGE. (Record no. 9779)

MARC details
000 -LEADER
fixed length control field 00506cas a2200157 4500
008 - FIXED-LENGTH DATA ELEMENTS--GENERAL INFORMATION
fixed length control field 150825n eng u
022 ## - INTERNATIONAL STANDARD SERIAL NUMBER
International Standard Serial Number 0097-8507
035 ## - SYSTEM CONTROL NUMBER
System control number (Sirsi) a191778
050 ## - LIBRARY OF CONGRESS CALL NUMBER
Classification number PB1.L3.
245 ## - TITLE STATEMENT
Title LANGUAGE.
260 ## - PUBLICATION, DISTRIBUTION, ETC.
Place of publication, distribution, etc. Los Angeles
Name of publisher, distributor, etc. Linguistic society of America
Date of publication, distribution, etc. 2001.
310 ## - CURRENT PUBLICATION FREQUENCY
Current publication frequency Quarterly.
362 ## - DATES OF PUBLICATION AND/OR SEQUENTIAL DESIGNATION
Dates of publication and/or sequential designation Vol.48, No.1, 1972 - Vol.77, No.2, 2001.
520 ## - SUMMARY, ETC.
Summary, etc. It deals with problems of linguistic science and notes of interest to professional linguistics.
650 ## - SUBJECT ADDED ENTRY--TOPICAL TERM
Topical term or geographic name entry element Language.
Holdings
Withdrawn status Lost status Source of classification or shelving scheme Damaged status Not for loan Home library Current library Shelving location Total Checkouts Full call number Barcode Date last seen Copy number Price effective from Koha item type
    Library of Congress Classification     Main Library Main Library Serials   PB1.L3 85077722001 08/12/2019 1 08/12/2019 Periodical
    Library of Congress Classification     Main Library Main Library Serials   PB1.L3 85054811972 08/12/2019 2 08/12/2019 Periodical
© 2026 - The University of Zambia Library - Koha v25.11